| 000 | 003700000a22001450004500 | ||
|---|---|---|---|
| 003 | MACL | ||
| 040 | _aMACL | ||
| 090 |
_c3730 _d3730 |
||
| 100 | _aBhattacharya, Haridas | ||
| 245 |
_aThe Foundations Of Living Faiths _bAn Introduction To Comparative Religion |
||
| 260 |
_bMotilal Banarsidas Publishers _c1994 |
||
| 350 | _a425 | ||
| 650 | _aReligion | ||
| 942 |
_cBOOK _k294 |
||
| 999 |
_c3708 _d3708 |
||